Loading...
Brihat hidi granth soochi /
| Main Author: | |
|---|---|
| Format: | Printed Book |
| Language: | Hindi |
| Published: |
Delhi :
Bharatiya Granth Nikethan ,
1967.
|
| Subjects: |
| LEADER | 00503nam a2200145Ia 4500 | ||
|---|---|---|---|
| 008 | 150624b xxu||||| |||| 00| | hin d | ||
| 082 | |a 860.16 YAS/B | ||
| 100 | |a Yashpal Mahajan | ||
| 245 | |c Yashpal Mahajan |a Brihat hidi granth soochi / | ||
| 260 | |a Delhi : |b Bharatiya Granth Nikethan , |c 1967. | ||
| 546 | |a In Hindi. | ||
| 653 | |a Hindi Literature. | ||
| 942 | |c REF | ||
| 999 | |c 91867 |d 91867 | ||
| 952 | |0 0 |1 0 |2 ddc |4 0 |6 860_160000000000000_YAS_B |7 0 |9 91809 |a UL |b UL |c REF |d 1998-09-15 |l 0 |o 860.16 YAS/B |p 54842 |r 2012-10-27 |y REF | ||